[Event "Bad Godesberg op 17th"]
[Site "Bad Godesberg"]
[Date "2013.08.11"]
[Round "9"]
[White "Pislaru, Marius Alexander"]
[Black "Boettcher, Bertold"]
[Result "1/2-1/2"]
[WhiteElo "1117"]
[BlackElo "1178"]
[PlyCount "176"]
[EventDate "2013.08.03"]
[EventType "swiss"]
[EventRounds "9"]
[EventCountry "GER"]
[SourceTitle "CBM 155 Extra"]
[Source "ChessBase"]
[SourceDate "2013.08.26"]
[SourceVersion "1"]
[SourceVersionDate "2013.08.26"]
[SourceQuality "1"]

1. Nf3 e6 2. g3 Nf6 3. Bg2 d6 4. 0-0 Be7 5. d3 c6 6. e4 Nbd7 7. Nbd2 0-0 8. c3 Ng4 9. h3 Nge5 10. d4 Nxf3+ 11. Nxf3 e5 12. Nh2 Nf6 13. f4 Be6 14. fxe5 dxe5 15. dxe5 Qxd1 16. Rxd1 Bc5+ 17. Kh1 Nh5 18. Nf1 Rad8 19. Bg5 f6 20. exf6 gxf6 21. Bh6 Ng7 22. a3 a6 23. b4 Ba7 24. Nd2 Rd3 25. Rac1 Rfd8 26. Kh2 Bb8 27. Bf4 Bxf4 28. gxf4 Rxd2 29. Re1 Bc4 30. e5 fxe5 31. fxe5 Bd5 32. Rg1 Nf5 33. c4 Rxg2+ 34. Rxg2+ Bxg2 35. Kxg2 Kf7 36. Kf3 Ke6 37. Re1 h5 38. Kf2 Rd2+ 39. Kg1 Nh4 40. Re3 Nf5 41. Re1 b5 42. cxb5 axb5 43. Re4 Rd3 44. Kg2 h4 45. Re1 Rxa3 46. Kh2 Ra2+ 47. Kg1 Rb2 48. Re4 Rb3 49. Kg2 Ng3 50. Rxh4 Kxe5 51. Rh6 Rc3 52. h4 Nf5 53. Rh8 Nxh4+ 54. Rxh4 Kd5 55. Kf2 Rc4 56. Rh5+ Kd4 57. Rh6 Kc3 58. Ke2 Kxb4 59. Kd2 Rd4+ 60. Kc2 c5 61. Rh3 c4 62. Kb2 Rd3 63. Rh5 c3+ 64. Kc2 Rd2+ 65. Kb1 Kc4 66. Kc1 b4 67. Rh4+ Kb3 68. Rh3 Rg2 69. Rh1 Ka2 70. Rh4 Kb3 71. Rh1 c2 72. Rh3+ Ka4 73. Rh4 Ka3 74. Rh3+ b3 75. Rxb3+ Ka4 76. Rc3 Kb4 77. Rxc2 Rg1+ 78. Kb2 Kb5 79. Kb3 Rg3+ 80. Rc3 Rg1 81. Rc2 Rd1 82. Kc3 Kc5 83. Rd2 Ra1 84. Rb2 Kd5 85. Kc2 Ra4 86. Rb3 Rd4 87. Rd3 Ke4 88. Rxd4+ Kxd4 1/2-1/2

[Event "Bad Godesberg op 17th"]
[Site "Bad Godesberg"]
[Date "2013.08.06"]
[Round "4"]
[White "Boettcher, Bertold"]
[Black "Leymann, Peter"]
[Result "0-1"]
[WhiteElo "1178"]
[BlackElo "1717"]
[PlyCount "114"]
[EventDate "2013.08.03"]
[EventType "swiss"]
[EventRounds "9"]
[EventCountry "GER"]
[SourceTitle "CBM 155 Extra"]
[Source "ChessBase"]
[SourceDate "2013.08.26"]
[SourceVersion "1"]
[SourceVersionDate "2013.08.26"]
[SourceQuality "1"]

1. e4 c5 2. Nf3 a6 3. Nc3 d6 4. Bc4 e6 5. d3 Nf6 6. Bg5 Be7 7. Bxf6 Bxf6 8. Qd2 b5 9. Bb3 Nc6 10. a3 Bb7 11. 0-0 Rc8 12. Rab1 Nd4 13. Nxd4 cxd4 14. Ne2 0-0 15. c3 Qa5 16. h3 dxc3 17. bxc3 Bxc3 18. Nxc3 Qxc3 19. Qxc3 Rxc3 20. f4 Rxd3 21. e5 Rg3 22. Rf2 h5 23. a4 b4 24. exd6 a5 25. Kh2 h4 26. Bc2 Bd5 27. Rd1 Rd8 28. Rd3 Rxd3 29. Bxd3 Rxd6 30. Rc2 Rc6 31. g3 Rxc2+ 32. Bxc2 hxg3+ 33. Kxg3 f5 34. Kf2 b3 35. Bd3 b2 36. Bc2 Ba2 37. Ke3 b1Q 38. Bxb1 Bxb1 39. Kd4 Bc2 40. Kc5 Bxa4 41. h4 Bd1 42. Kb5 a4 43. Kb4 Kh7 44. Kc3 Kh6 45. Kd2 Bb3 46. Kc3 Kh5 47. Kd4 Kxh4 48. Ke5 Kg3 49. Kd4 Kxf4 50. Kc3 Ke3 51. Kb2 f4 52. Kc3 f3 53. Kb2 f2 54. Kc3 f1Q 55. Kb2 Qc4 56. Kb1 Qc2+ 57. Ka1 Qa2# 0-1

[Event "Bad Godesberg op 17th"]
[Site "Bad Godesberg"]
[Date "2013.08.05"]
[Round "3"]
[White "Opitz, Frank"]
[Black "Boettcher, Bertold"]
[Result "1-0"]
[WhiteElo "1948"]
[BlackElo "1178"]
[PlyCount "99"]
[EventDate "2013.08.03"]
[EventType "swiss"]
[EventRounds "9"]
[EventCountry "GER"]
[SourceTitle "CBM 155 Extra"]
[Source "ChessBase"]
[SourceDate "2013.08.26"]
[SourceVersion "1"]
[SourceVersionDate "2013.08.26"]
[SourceQuality "1"]

1. d4 e6 2. Nc3 Nf6 3. Bg5 c6 4. e4 Be7 5. e5 Nd5 6. Bxe7 Qxe7 7. Qd2 d6 8. Ne4 dxe5 9. dxe5 0-0 10. 0-0-0 Nd7 11. f4 f5 12. Nd6 Nc5 13. c4 Nb6 14. Qd4 Ne4 15. Nxe4 fxe4 16. Qxe4 Nd7 17. g3 Nc5 18. Qd4 a6 19. Bg2 Rb8 20. Qd6 Qxd6 21. Rxd6 Bd7 22. b4 Na4 23. Rxd7 Rfd8 24. Rxd8+ Rxd8 25. Ne2 c5 26. Rd1 Rxd1+ 27. Kxd1 b6 28. bxc5 bxc5 29. Kc2 a5 30. Nc3 Nxc3 31. Kxc3 Kf7 32. Kb3 h6 33. Ka4 Ke7 34. Kxa5 Kd7 35. Kb6 g5 36. a4 gxf4 37. gxf4 h5 38. a5 h4 39. a6 h3 40. Bc6+ Ke7 41. a7 Kf7 42. a8Q Kg7 43. Qd8 Kf7 44. Qf6+ Kg8 45. Qxe6+ Kg7 46. Qf6+ Kh7 47. e6 Kg8 48. e7 Kh7 49. Be4+ Kg8 50. Qf8# 1-0

[Event "Bad Godesberg op 17th"]
[Site "Bad Godesberg"]
[Date "2013.08.04"]
[Round "2"]
[White "Boettcher, Bertold"]
[Black "Rost, Vincent"]
[Result "0-1"]
[WhiteElo "1178"]
[BlackElo "1732"]
[PlyCount "122"]
[EventDate "2013.08.03"]
[EventType "swiss"]
[EventRounds "9"]
[EventCountry "GER"]
[SourceTitle "CBM 155 Extra"]
[Source "ChessBase"]
[SourceDate "2013.08.26"]
[SourceVersion "1"]
[SourceVersionDate "2013.08.26"]
[SourceQuality "1"]

1. e4 e5 2. Nf3 Nc6 3. Bc4 Nf6 4. d3 Be7 5. Nc3 0-0 6. 0-0 d6 7. h3 Na5 8. Bg5 Nxc4 9. dxc4 Be6 10. b3 h6 11. Bxf6 Bxf6 12. Nd5 Rc8 13. Nxf6+ Qxf6 14. Qe2 Qg6 15. g4 h5 16. Nh2 hxg4 17. hxg4 Kh7 18. f3 Rh8 19. Rf2 Kg8 20. Raf1 Qh6 21. Rg2 Qf4 22. Qd2 g6 23. Qxf4 exf4 24. Rff2 Kg7 25. Nf1 Bd7 26. Rh2 b5 27. Rxh8 Rxh8 28. cxb5 Bxb5 29. c4 Bd7 30. Rh2 Rxh2 31. Kxh2 f5 32. gxf5 gxf5 33. exf5 Bxf5 34. Nd2 Kf6 35. Kg2 Ke5 36. Kf2 Kd4 37. Ke2 Bd3+ 38. Kd1 Ke3 39. a3 Be2+ 40. Kc1 Bxf3 41. Kc2 Be2 42. Kc3 f3 43. b4 f2 44. a4 f1Q 45. Nxf1+ Bxf1 46. a5 c6 47. a6 d5 48. cxd5 cxd5 49. Kb3 Bxa6 50. Ka4 d4 51. b5 Bxb5+ 52. Kxb5 d3 53. Ka6 d2 54. Kxa7 d1Q 55. Kb6 Qd5 56. Kc7 Qe6 57. Kb7 Qd6 58. Kc8 Qe7 59. Kb8 Kd4 60. Kc8 Kc5 61. Kb8 Kc6 0-1

[Event "Bad Godesberg op 15th"]
[Site "Bad Godesberg"]
[Date "2011.07.28"]
[Round "6"]
[White "Boettcher, Bertold"]
[Black "Pislaru, Adrian Maximilian"]
[Result "1-0"]
[WhiteElo "1188"]
[BlackElo "881"]
[PlyCount "29"]
[EventDate "2011.07.23"]
[EventType "swiss"]
[EventRounds "9"]
[EventCountry "GER"]
[SourceTitle "EXT 2017"]
[Source "ChessBase"]
[SourceDate "2016.10.25"]
[SourceVersion "1"]
[SourceVersionDate "2016.10.25"]
[SourceQuality "1"]

1. e4 e6 2. d4 d5 3. e5 c5 4. Bb5+ Bd7 5. Bxd7+ Nxd7 6. c3 cxd4 7. cxd4 Rc8 8. Nf3 Qc7 9. Nbd2 Ne7 10. Ke2 Nf5 11. a3 g6 12. Re1 Bg7 13. Nf1 Qc4+ 14. Qd3 0-0 15. Ra2 1-0